000 00635nam a2200229Ia 4500
003 OSt
005 20220923224101.0
006 a|||||r|||| 00| 0
007 ta
008 Pun
024 _a225,326
037 _cTextual
040 _aARTS
_cARTS
_bPun
041 _2Pun
_aPun
082 _aRx, 153P3
100 _aਜੱਸ, ਗੁਰਬ॥F
_9167773
245 0 _aਗਿਆਤ ਤੋਜ਼ ਅਗਿਆਤ ਤੱਕ
260 _aਜੰਲਧਰ
_b ਕੁਕਨੁਸ ਪ੍ਰਕਾFਨ
_c2003
300 _a144ਪੰ
_ccm.
942 _hRx, 153P3
_cTEXL
_2CC
999 _c369106
_d369106